Szczegóły MARC21

Geschichte(n) - Erzählen : Kontruktionen von Vergangenheit in literarischen Werken deutschprachig er Autorinnen seit dem 18. Jahrhundert /

005 -DATA I CZAS OSTATNIEJ MODYFIKACJI [,]
    • @
    • pole kontrolne
    • 20070315155141.9
020 -Międzynarod. znormalizowany nr książki - ISBN [ , ]
    • a
    • Numer ISBN
    • 3892448133 Find
040 -Instytucja sporządzająca opis [ , ]
    • a
    • Instytucja, która sporządziła opis (NP)
    • SZCZ U
    • c
    • Instytucja, która sporządziła rekord (NP)
    • SZCZ U
041 -Język dokumentu [0, ]
    • a
    • Język tekstu (P)
    • niemiecki
    • h
    • Język tekstu oryginalnego i/lub pośredniego (P)
    • niemiecki
942 -Rodzaj dokumentu [ , ]
    • c
    • Rodzaj dokumentu
    • Książka
245 -Strefa tytułu i oznaczenia odpowiedzialności [0, ]
    • a
    • Tytuł
    • Geschichte(n) - Erzählen : Find
    • b
    • Ciąg dalszy tytułu (NP)
    • Kontruktionen von Vergangenheit in literarischen Werken deutschprachig er Autorinnen seit dem 18. Jahrhundert / Find
    • c
    • Pozostałe elementy strefy tytułu i oznaczenia odpowiedzialności (NP)
    • hrsg. von Marianne Henn, Irmela von der Lühe und Anita Runge.
260 -Strefa adresu wydawniczego [ , ]
    • a
    • Miejsce wydania (P)
    • Göttingen :
    • b
    • Nazwa wydawcy (P)
    • Wallstein,
    • c
    • Data wydania (P)
    • 2005.
300 -Strefa opisu fizycznego [ , ]
    • a
    • Określenie formy książki i/lub objętość (NP)
    • 303 s. :
    • b
    • Oznaczenie ilustracji (NP)
    • wykr. :
    • c
    • Format (NP)
    • 22 cm.
080 -Uniwersalna Klasyfikacja Dziesiętna [ , ]
    • a
    • Symbol klasyfikacji
    • 830(091)-32-055.2"1788/1979"(061)=30
980 -Symbol UKD [ , ]
    • a
    • UKD
    • 830(091)-32-055.2"1788/1979"(061)=30
700 -Hasło dodatkowe - nazwa osobowa [ , ]
    • a
    • Nazwa osobowa (NP)
    • Henn Marianne Find
700 -Hasło dodatkowe - nazwa osobowa [ , ]
    • a
    • Nazwa osobowa (NP)
    • Lühe Irmela von der Find
700 -Hasło dodatkowe - nazwa osobowa [ , ]
    • a
    • Nazwa osobowa (NP)
    • Runge Anita Find
920 -ISBN [ , ]
    • a
    • ISBN
    • 3-89244-813-3 Find
Sygnatura Lokalizacja Data inwentaryzacji Numer inwentarzowy Status udost.
GERM. Literatura kobieca 16 BM2006-01-16G.176121